Fellow apprentizes. : You are desired on Tuesday ye 20th of Ap: 1647. at 7 of ye clocke to meet ...

Bibliographic Details
Other Authors: Thomason, George, d. 1666
Format: eBook
Language:English
Published: [1647]
Series:Early English books online.
Subjects:
Online Access:Connect to the full text of this electronic book

MARC

Tag First Indicator Second Indicator Subfields
LEADER 00000nam a2200000Ia 4500
001 in00004310113
005 20200813084823.0
006 m g d
007 cr bn |||a|bb|
008 021017s1647 enk o 000 0 eng d
035 |a (OCoLC)50796729 
040 |a EAE  |c EAE 
037 |a CL0051000002  |b ProQuest Information and Learning 300 N. Zeeb Rd., Ann Arbor, MI 48103-1553 
090 |a DA420  |b .F45 1647 
049 |a UMIA 
245 0 0 |a Fellow apprentizes. :  |b You are desired on Tuesday ye 20th of Ap: 1647. at 7 of ye clocke to meet ... 
260 |c [1647] 
300 |a 1 online resource (1 sheet ([1] pages). 
336 |a text  |b txt  |2 rdacontent 
337 |a computer  |b c  |2 rdamedia 
338 |a online resource  |b cr  |2 rdacarrier 
500 |a At head of title: A paper poster. 
500 |a In manuscript. 
500 |a In Thomason's hand? 
500 |a Reproduction of original in the British Library. 
510 4 |a Thomason  |c E.384[12] 
533 |a Electronic reproduction.  |b Ann Arbor, Mich. :  |c UMI,  |d 1999-  |f (Early English books online)  |n Digital version of: (Thomason Tracts ; 61:E384[12])  |7 s1999 miun s 
650 0 |a Apprentices  |z England  |z London  |v Early works to 1800. 
651 0 |a London (England)  |x Social conditions  |v Early works to 1800. 
650 0 |a Recreation  |x Law and legislation  |z England  |z London  |v Early works to 1800. 
700 1 |a Thomason, George,  |d d. 1666. 
830 0 |a Early English books online. 
856 4 0 |u http://proxy.library.tamu.edu/login?url=https://search.proquest.com/docview/2240885992  |z Connect to the full text of this electronic book  |t 0 
994 |a 02  |b EAE 
999 f f |s 9aa04065-7728-3e21-b64c-b48a3d1cb356  |i ccddc12e-2200-3d2d-9a3d-499802ee2ff6  |t 0 
952 f f |a Texas A&M University  |b College Station  |c Electronic Resources  |d Available Online  |t 0  |e DA420 .F45 1647  |h Library of Congress classification 
998 f f |a DA420 .F45 1647  |t 0  |l Available Online